000 00675nam a2200217 4500
003 OSt
005 20221111182243.0
008 221111b |||||||| |||| 00| 0 eng d
020 _a2 906247 08 1
040 _cBiblioteca Lado V
082 _a750
_bT121b
100 _9401
_aTaddei, Jean-Francois
_ecurador
245 _aBelgique, une nouvelle generation/
260 _aFrancia
_c1990
300 _a39p.
_c22x30cm
650 _2Tesauro de Arte & Arquitectura
_aCATALOGO
650 _2Tesauro de Arte & Arquitectura
_aARTE
650 _2Tesauro de Arte & Arquitectura
_aPINTURA
700 _aHoffmann, Jens
_eeditor
942 _2ddc
_c1
_h750
_iT121b
_n0
999 _c2610
_d2610